000 00604nam a2200253Ia 4500
005 20260121153857.0
008 008 260114s9999 xx 000 0 eng d
020 _a9781003136071
037 _aEBOOK
040 _aCRL
040 _beng
040 _cCRL
041 _2eng
041 _aeng
084 _qCRL
100 _aR. D. Grillo; R. L. Stirrat
_91000235
245 0 _aDiscourses of Development
260 _bTaylor and Francis
260 _c1997
856 _uhttp://www.taylorfrancis.com/books/9781003136071
942 _cEBOOK
999 _c1567056
_d1567056